Statistics for Turkish Numbers

Click here to take the quiz!

General Stats

  • This quiz has been taken 55 times
  • The average score is 20 of 25

Answer Stats

Number Answer % Correct
1Bir
100%
2İki
94%
3Üç
94%
5Beş
91%
4Dört
89%
10On
89%
11On bir
87%
12On iki
87%
7Yedi
83%
8Sekiz
83%
6Altı
81%
100Yuz
77%
20Yirmi
77%
9Dokuz
77%
50Elli
74%
1000Bin
70%
10,000On bin
70%
30Otuz
68%
40Kırk
68%
90Doksan
68%
1,000,000Milyon
68%
70Yetmiş
66%
100,000Yuz bin
66%
60Altmış
64%
80Seksen
64%

Score Distribution

Percentile by Number Answered

Percent of People with Each Score

Your Score History

You have not taken this quiz